000 00759nam a2200241Ia 4500
003 OSt
005 20221005120947.0
006 a|||||r|||| 00| 0
007 ta
008 221004b |||||||| |||| 00| 0 pan d
020 _c7.50
024 _a27819
037 _cTextual
040 _aCRL
_cCRL
_bpan
041 _2pan
_apan
082 _aV236.L9, 153M2
100 _aਪੂਨੀ, ਬਲਬੀਰ ਸਿੰਘ, ਥਦ.
245 0 _aFਾਹ ਮੁੰਹਮਦ ਸਿੰਘਾਂ ਤੇ ਅੰਗਰੇਗ਼ਾਂ ਦੀ ਲੜਾਈ
260 _c1982
650 _aਭਾਰਤੀਯ ਇਤਿਹਾਸ
942 _hV236.L9, 153M2
_cTEXL
_2cc
999 _c1039678
_d1039678